Normal view
MARC view
Entry Término temático
001 - NÚMERO DE CONTROL
- campo de control: 81177
003 - IDENTIFICADOR DEL NÚMERO DE CONTROL
- campo de control: DO-SdBNP
005 - FECHA Y HORA DE LA ÚLTIMA TRANSACCIÓN
- campo de control: 20220208112250.0
008 - DATOS DE LONGITUD FIJA
- campo de control de longitud fija: 220208|| aca||aabn | a|a d
040 ## - FUENTE DE LA CATALOGACIÓN
- Centro catalogador/agencia de origen: DO-SdBNP
- Centro/agencia transcriptor: DO-SdBNP
150 ## - ENCABEZAMIENTO--TÉRMINO DE MATERIA
- Término de materia o nombre geográfico como elemento de entrada: Identidad cultural dominicana
670 ## - FUENTE DE DATOS ENCONTRADOS
- Cita de la fuente: Work cat.: (DO-SdBNP)51374: 6930 Tejeda Ortiz, Juan Dagoberto, 1940-, El carnaval dominicano :, 2021
